[Event "Vojvodina-ch 5th"]
[Site "Novi Sad"]
[Date "2014.07.12"]
[Round "2"]
[White "Drazic, Sinisa"]
[Black "Rajak, Luka"]
[Result "1-0"]
[WhiteElo "2430"]
[BlackElo "2161"]
[PlyCount "91"]
[EventDate "2014.07.12"]
[EventType "swiss"]
[EventRounds "9"]
[EventCountry "YUG"]
[SourceTitle "CBM 161 Extra"]
[Source "ChessBase"]
[SourceDate "2014.08.29"]
[SourceVersion "1"]
[SourceVersionDate "2014.08.29"]
[SourceQuality "1"]

1. e4 c5 2. Nf3 d6 3. Bc4 Nc6 4. 0-0 Nf6 5. d3 e6 6. c3 Be7 7. Bb3 Qc7 8. Re1 0-0 9. Bg5 a5 10. Nbd2 b5 11. a4 bxa4 12. Bxa4 Ba6 13. Qc2 Rfb8 14. Bxc6 Qxc6 15. Nc4 Bxc4 16. dxc4 h6 17. Bh4 Qb7 18. Ra2 Ra6 19. h3 Rb6 20. Re2 Qa6 21. Qa4 g5 22. Bg3 e5 23. Nh2 Nh5 24. Ng4 Bf8 25. Ne3 Nf6 26. f3 Kh7 27. Kf2 Kg6 28. Rd2 Ra8 29. Ke2 Qc8 30. Bf2 Nh5 31. Kd3 Nf4+ 32. Kc2 h5 33. Bg3 Nxg2 34. Rxg2 Qxh3 35. Kd3 h4 36. Bf2 Rab8 37. Qc2 Qh1 38. Ke2 a4 39. Rg1 Qh3 40. Rb1 Qd7 41. Rxa4 Rxb2 42. Rxb2 Rxb2 43. Qxb2 Qxa4 44. Kf1 Bh6 45. Kg2 g4 46. Nxg4 1-0